Alle PDC Darts Turniersieger 2022 - Statistiken

Allgemein
  • Dieses Quiz wurde 150 mal gespielt
    97 seit der letzten Aktualisierung
  • Das Durchschnittsergebnis liegt bei 53 aus 61
Antwortstatistiken
Turnier Dartsspieler Land % Korrekt
International Darts Open Gerwyn Price Wales
100%
Players Championship 7 Gerwyn Price Wales
100%
New South Wales Darts Masters Gerwyn Price Wales
100%
World Series of Darts Finals Gerwyn Price Wales
100%
Players Championship 29 Gerwyn Price Wales
100%
German Darts Championship Michael van Gerwen Niederlande
100%
Players Championship 8 Michael van Gerwen Niederlande
100%
Players Championship 10 Michael van Gerwen Niederlande
100%
Austrian Darts Open Michael van Gerwen Niederlande
100%
European Darts Open Michael van Gerwen Niederlande
100%
Premier League Michael van Gerwen Niederlande
100%
World Matchplay Michael van Gerwen Niederlande
100%
Queensland Darts Masters Michael van Gerwen Niederlande
100%
World Grand Prix Michael van Gerwen Niederlande
100%
Players Championship Finals Michael van Gerwen Niederlande
100%
World Darts Championship Peter Wright Schottland
100%
Players Championship 2 Peter Wright Schottland
100%
German Darts Open Peter Wright Schottland
100%
World Cup of Darts Damon Heta / Simon Whitlock Australien
97%
New Zealand Masters Jonny Clayton Wales
96%
Players Championship 5 Damon Heta Australien
94%
Gibraltar Darts Trophy Damon Heta Australien
94%
Players Championship 26 Damon Heta Australien
94%
Nordic Darts Masters Dimitri Van den Bergh Belgien
94%
Dutch Darts Masers Dimitri Van den Bergh Belgien
94%
Players Championship 14 Michael Smith England
94%
Players Championship 15 Michael Smith England
94%
Dutch Darts Championship Michael Smith England
94%
US Darts Masters Michael Smith England
94%
Players Championship 16 Michael Smith England
94%
Grand Slam of Darts Michael Smith England
94%
European Darts Championship Ross Smith England
94%
The Masters Joe Cullen England
88%
Players Championship 3 Joe Cullen England
88%
Players Championship 4 Joe Cullen England
88%
Hungarian Darts Trophy Joe Cullen England
88%
Players Championship 1 Luke Humphries England
87%
German Darts Grand Prix Luke Humphries England
87%
Czech Darts Open Luke Humphries England
87%
European Darts Grand Prix Luke Humphries England
87%
European Darts Matchplay Luke Humphries England
87%
UK Open Danny Noppert Niederlande
86%
Players Championship 18 Danny Noppert Niederlande
86%
Players Championship 13 Nathan Aspinall England
85%
Players Championship 22 Nathan Aspinall England
85%
Players Championship 28 Josh Rock Nordirland
83%
World Youth Championship Josh Rock Nordirland
83%
Players Championship 24 Rob Cross England
82%
Players Championship 27 Rob Cross England
82%
Players Championship 30 James Wade England
79%
Players Championship 12 Dirk van Duijvenbode Niederlande
78%
Players Championship 19 Dirk van Duijvenbode Niederlande
78%
Players Championship 21 Brendan Dolan Nordirland
76%
Belgian Darts Open Dave Chisnall England
64%
Players Championship 25 Dave Chisnall England
64%
Players Championship 11 Ryan Searle England
56%
Players Championship 6 Jim Williams Wales
51%
Players Championship 17 Scott Williams England
50%
Players Championship 20 Adrian Lewis England
49%
Players Championship 9 Danny Jansen Niederlande
41%
Players Championship 23 Keegan Brown England
12%
Keine übereinstimmenden Quizze gefunden
Verteilung der Resultate
Anzahl Personen mit jedem Resultat
Perzentil nach korrekt beantworteten Fragen
Ihre Resultats-Entwicklung
Sie haben dieses Quiz seit der letzten Aktualisierung nicht gespielt